Personnages de one piece avec une prime supérieure à 1 milliard de ฿ - Statistiques

Statistiques générales
  • Ce quiz a été pris 541 fois
    513 depuis la dernière actualisation
  • Le résultat moyen est 19 sur 21
Statistiques - réponses
Prime Réponse % Correct
฿ 3,000,000,000 Monkey D Luffy
100%
฿ 4,388,000,000 Charlotte Linlin
98%
฿ 5,046,000,000 Edward Newgate
98%
฿ 5,564,800,000 Gol D Roger
98%
฿ 4,611,100,000 Kaido
98%
฿ 1,101,000,000 Roronoa Zoro
98%
฿ 4,048,900,000 Shanks
98%
฿ 1,032,000,000 Vinsmoke Sanji
97%
฿ 3,000,000,000 Eustass Kid
96%
฿ 3,000,000,000 Trafalgar Law
96%
฿ 3,996,000,000 Marshall D Teach
95%
฿ 3,590,000,000 Dracule Mihawk
93%
฿ 3,189,000,000 Baggy
92%
฿ 1,057,000,000 Charlotte Katakuri
90%
฿ 1,965,000,000 Crocodile
88%
฿ 1,100,000,000 Jinbe
87%
฿ 1,390,000,000 King
87%
฿ 1,320,000,000 Queen
87%
฿ 1,659,000,000 Boa Hancock
78%
฿ 1,000,000,000 Jack
78%
฿ 1,374,000,000 Marco
70%
Aucun quiz correspondant
Distribution des résultats
% des personnes avec chaque résultat
Percentile par nombre de réponses
Votre historique - résultats
Vous n’avez pas pris ce quiz depuis la dernière actualisation